Information technology in libraries : (Record no. 541880)

000 -LEADER
fixed length control field 00654cam a2200181 a 4500
020 ## - INTERNATIONAL STANDARD BOOK NUMBER
International Standard Book Number 9698133216
082 ## - DEWEY DECIMAL CLASSIFICATION NUMBER
Classification number 025.04095491
Author Mark MAH
-- D
100 1# - MAIN ENTRY--PERSONAL NAME
Personal name Mahmood, Khalid,
9 (RLIN) 36952
245 10 - TITLE STATEMENT
Title Information technology in libraries :
Remainder of title a Pakistani perspective /
Statement of responsibility, etc. Khalid Mahmood ; introduction by Anis Khurshid.
260 ## - PUBLICATION, DISTRIBUTION, ETC.
Place of publication, distribution, etc. Lahore :
Name of publisher, distributor, etc. Pak Book Corporation,
Date of publication, distribution, etc. 1998.
300 ## - PHYSICAL DESCRIPTION
Extent iv, 256 p. ;
Dimensions 24 cm.
520 ## - SUMMARY, ETC.
Summary, etc. Research articles published during 1993-97.
526 ## - STUDY PROGRAM INFORMATION NOTE
Program name 0
Interest level 0
Reading level 0
Title point value 025_040954910000000_MAH
650 #0 - SUBJECT ADDED ENTRY--TOPICAL TERM
Topical term or geographic name entry element Information technology
Geographic subdivision Pakistan.
9 (RLIN) 36953
650 #0 - SUBJECT ADDED ENTRY--TOPICAL TERM
Topical term or geographic name entry element Libraries
Geographic subdivision Pakistan
General subdivision Automation.
9 (RLIN) 36954
650 #0 - SUBJECT ADDED ENTRY--TOPICAL TERM
Topical term or geographic name entry element MCE
9 (RLIN) 379
942 ## - ADDED ENTRY ELEMENTS (KOHA)
Source of classification or shelving scheme
Koha item type Book
Holdings
Withdrawn status Lost status Source of classification or shelving scheme Damaged status Not for loan Permanent Location Current Location Date acquired Total Checkouts Full call number Barcode Date last seen Price effective from Koha item type
          Military College of Engineering (MCE) Military College of Engineering (MCE) 09/05/2013   025.04095491 MAH MCE-43892 09/05/2013 09/05/2013 Book
© 2023 Central Library, National University of Sciences and Technology. All Rights Reserved.